Римски цифри - Statistics

General Stats
  • This quiz has been taken 172 times
  • The average score is 14 of 20
Answer Stats
   римски    арабски % Correct
I 1
100%
X 10
100%
CI 101
100%
MXI 1011
100%
MXII 1012
100%
MXVII 1017
100%
MXXI 1021
100%
MXXIV 1024
100%
MXXXVI 1036
100%
ML 1050
100%
MLIII 1053
100%
CVI 106
100%
MLXVI 1066
100%
MLXXIV 1074
100%
CVIII 108
100%
MLXXX 1080
100%
MLXXXIV 1084
100%
MLXXXVII 1087
100%
MLXXXIX 1089
100%
CIX 109
100%
MXC 1090
100%
MXCIII 1093
100%
MXCIX 1099
100%
XI 11
100%
MCIX 1109
100%
MCXV 1115
100%
CXII 112
100%
MCXXVII 1127
100%
MCXXXII 1132
100%
MCLX 1160
100%
XII 12
100%
CXXI 121
100%
MCCXXIV 1224
100%
MCCXXVII 1227
100%
MCCXXXI 1231
100%
CXXIV 124
100%
MCCXLI 1241
100%
MCCXLV 1245
100%
CXXVIII 128
100%
MCCLXXXVI 1286
100%
MCCXC 1290
100%
CXXX 130
100%
MCCCV 1305
100%
MCCCX 1310
100%
MCCCXI 1311
100%
MCCCXXXIII 1333
100%
MCCCXXXV 1335
100%
CXXXIV 134
100%
MCCCLV 1355
100%
MCCCLXII 1362
100%
MCCCLXIV 1364
100%
MCCCLXVI 1366
100%
MCCCLXXXII 1382
100%
MCCCXCII 1392
100%
MCCCXCIII 1393
100%
MCCCXCV 1395
100%
MCCCXCVII 1397
100%
MCDV 1405
100%
MCDVI 1406
100%
CXLI 141
100%
CXLII 142
100%
MCDXXVI 1426
100%
MCDXXXVIII 1438
100%
MCDXLIX 1449
100%
MCDLIX 1459
100%
MCDLXIII 1463
100%
MCDLXXIII 1473
100%
MCDLXXVI 1476
100%
MCDXCVIII 1498
100%
CLI 151
100%
MDXIII 1513
100%
MDXIV 1514
100%
MDXXX 1530
100%
MDXXXIX 1539
100%
MDXLII 1542
100%
MDXLIII 1543
100%
MDXLIX 1549
100%
CLVI 156
100%
MDLXXVI 1576
100%
MDLXXXIX 1589
100%
CLIX 159
100%
MDCIV 1604
100%
MDCIX 1609
100%
MDCXXXVII 1637
100%
MDCLXIV 1664
100%
MDCLXX 1670
100%
CLXVIII 168
100%
MDCLXXXIII 1683
100%
MDCLXXXVI 1686
100%
MDCLXXXIX 1689
100%
CLXXI 171
100%
MDCCX 1710
100%
MDCCXXXVIII 1738
100%
MDCCXLIII 1743
100%
CLXXV 175
100%
MDCCLI 1751
100%
MDCCLXII 1762
100%
MDCCLXXVII 1777
100%
CLXXX 180
100%
CLXXXI 181
100%
MDCCCXVIII 1818
100%
MDCCCXXX 1830
100%
MDCCCXXXVII 1837
100%
MDCCCXLV 1845
100%
MDCCCXLVII 1847
100%
MDCCCXLVIII 1848
100%
MDCCCXLIX 1849
100%
MDCCCLVII 1857
100%
MDCCCLX 1860
100%
CLXXXVIII 188
100%
MDCCCXCV 1895
100%
MCMIX 1909
100%
MCMXIII 1913
100%
MCMXXIII 1923
100%
MCMXXVII 1927
100%
MCMXLII 1942
100%
MCMLIX 1959
100%
CXCVIII 198
100%
CXCIX 199
100%
II 2
100%
CCII 202
100%
CCIV 204
100%
CCXI 211
100%
CCXII 212
100%
CCXV 215
100%
CCXVII 217
100%
CCXX 220
100%
CCXXI 221
100%
CCXXIV 224
100%
CCXXVI 226
100%
CCXXVII 227
100%
CCXXVIII 228
100%
CCXXIX 229
100%
XXIII 23
100%
CCXLV 245
100%
CCXLVIII 248
100%
CCLI 251
100%
CCLIII 253
100%
CCLV 255
100%
CCLVI 256
100%
CCLVII 257
100%
XXVI 26
100%
CCLXIII 263
100%
CCLXV 265
100%
CCLXVIII 268
100%
CCLXX 270
100%
CCLXXIII 273
100%
CCLXXVI 276
100%
CCLXXVIII 278
100%
XXVIII 28
100%
CCLXXXVI 286
100%
CCLXXXIX 289
100%
CCXCIV 294
100%
CCXCVI 296
100%
III 3
100%
CCC 300
100%
CCCI 301
100%
CCCII 302
100%
CCCVI 306
100%
CCCVIII 308
100%
CCCX 310
100%
CCCXVII 317
100%
CCCXXI 321
100%
CCCXXIV 324
100%
CCCXXIX 329
100%
CCCXXX 330
100%
CCCXXXI 331
100%
CCCXXXIII 333
100%
CCCXXXVIII 338
100%
CCCXL 340
100%
CCCXLIV 344
100%
CCCL 350
100%
CCCLII 352
100%
CCCLX 360
100%
CCCLXII 362
100%
CCCLXIV 364
100%
CCCLXVII 367
100%
CCCLXXIII 373
100%
CCCLXXV 375
100%
CCCLXXVI 376
100%
CCCLXXIX 379
100%
CCCLXXXV 385
100%
CCCLXXXVII 387
100%
CCCXCI 391
100%
CCCXCVII 397
100%
CCCXCVIII 398
100%
IV 4
100%
CDIII 403
100%
CDXI 411
100%
CDXII 412
100%
CDXIX 419
100%
CDXXI 421
100%
CDXXIV 424
100%
CDXXVI 426
100%
CDXXVII 427
100%
CDXXVIII 428
100%
CDXXXV 435
100%
CDXXXVII 437
100%
CDXXXIX 439
100%
CDXL 440
100%
CDXLII 442
100%
CDXLIV 444
100%
CDXLVIII 448
100%
CDLIV 454
100%
CDLXX 470
100%
CDLXXV 475
100%
CDXCVII 497
100%
CDXCIX 499
100%
DIV 504
100%
DIX 509
100%
DXV 515
100%
LII 52
100%
DXXI 521
100%
DXXII 522
100%
DXXV 525
100%
LV 55
100%
DLXIX 569
100%
DLXXV 575
100%
DXC 590
100%
DXCVI 596
100%
DCVII 607
100%
LXI 61
100%
DCXII 612
100%
LXII 62
100%
LXIII 63
100%
DCXXXII 632
100%
LXV 65
100%
DCLXIII 663
100%
DCLXVI 666
100%
LXVII 67
100%
LXVIII 68
100%
DCLXXXIII 683
100%
DCXCV 695
100%
DCCIV 704
100%
LXXI 71
100%
DCCXIV 714
100%
DCCXXIII 723
100%
DCCXXXVI 736
100%
DCCLXIV 764
100%
DCCLXXIII 773
100%
DCCLXXV 775
100%
DCCLXXIX 779
100%
DCCLXXXIX 789
100%
DCCXCIV 794
100%
LXXX 80
100%
DCCCVI 806
100%
DCCCXIV 814
100%
DCCCXXII 822
100%
DCCCXXIX 829
100%
DCCCXLVI 846
100%
DCCCL 850
100%
DCCCLVIII 858
100%
DCCCLXII 862
100%
DCCCLXIX 869
100%
DCCCLXXX 880
100%
LXXXIX 89
100%
CMI 901
100%
CMXXXV 935
100%
CMXXXVII 937
100%
CMXL 940
100%
CMXLIII 943
100%
CMLXXXI 981
100%
CMXCI 991
100%
IX 9
97%
XVII 17
96%
XX 20
96%
V 5
96%
VIII 8
96%
XIV 14
95%
XXII 22
93%
XXXVI 36
93%
XXXIX 39
93%
XV 15
92%
XXI 21
92%
VII 7
92%
XIII 13
90%
XVI 16
90%
XXIX 29
90%
L 50
90%
VI 6
90%
XXV 25
88%
LXXIX 79
88%
CXIV 114
86%
CXV 115
86%
CL 150
86%
XXIV 24
86%
XXXII 32
86%
LXX 70
86%
LXXIII 73
86%
XXX 30
85%
XXXVII 37
85%
XVIII 18
84%
XIX 19
84%
XXXI 31
83%
XXXV 35
83%
XLIX 49
83%
LIV 54
83%
LVIII 58
83%
XXXIV 34
82%
CX 110
80%
CXIX 119
80%
CXXIII 123
80%
CXLVI 146
80%
LIX 59
80%
LXXVII 77
80%
XCVIII 98
80%
XXVII 27
78%
CIII 103
75%
CV 105
75%
CXXXIII 133
75%
CXXXVIII 138
75%
CXLIX 149
75%
XXXIII 33
75%
XXXVIII 38
75%
CDXXXII 432
75%
LIII 53
75%
LXXII 72
75%
LXXXII 82
75%
XCVII 97
75%
CXXXV 135
71%
XCI 91
71%
CIV 104
67%
CXI 111
67%
CXVI 116
67%
CXXII 122
67%
CXXVI 126
67%
CXLVIII 148
67%
CLII 152
67%
CCXIX 219
67%
CCCV 305
67%
CCCIX 309
67%
CCCXXXIV 334
67%
CCCXLV 345
67%
CCCLIX 359
67%
CCCLXXII 372
67%
CCCLXXXII 382
67%
CDXXXIII 433
67%
LVII 57
67%
LXIV 64
67%
LXVI 66
67%
LXXV 75
67%
LXXXIII 83
67%
XCVI 96
67%
XLIV 44
63%
XLIII 43
62%
CII 102
60%
CXXXVII 137
60%
CXLIV 144
60%
CXLVII 147
60%
XLII 42
60%
XC 90
60%
XCIII 93
60%
XCV 95
60%
XLI 41
57%
CVII 107
50%
CXIII 113
50%
MCCXIV 1214
50%
MCCXLIII 1243
50%
CXXV 125
50%
MCCLV 1255
50%
CXXVII 127
50%
CXXXI 131
50%
CXXXII 132
50%
MCCCXCIX 1399
50%
CXL 140
50%
CXLIII 143
50%
MDXXIII 1523
50%
MDLXXVIII 1578
50%
MDXCVI 1596
50%
MDCI 1601
50%
CLXV 165
50%
CLXXIII 173
50%
CLXXIX 179
50%
CXC 190
50%
CXCI 191
50%
CXCV 195
50%
MCMLII 1952
50%
MCMLXIII 1963
50%
CCXXXI 231
50%
CCXXXVII 237
50%
CCL 250
50%
CCLIV 254
50%
CCLXIX 269
50%
CCLXXI 271
50%
CCLXXXIII 283
50%
CCLXXXV 285
50%
CCXCIX 299
50%
CCCXII 312
50%
CCCXIII 313
50%
CCCXX 320
50%
CCCXXVI 326
50%
CCCXLVI 346
50%
CCCXLVII 347
50%
CCCLVIII 358
50%
CCCLXIX 369
50%
XL 40
50%
CD 400
50%
CDXIII 413
50%
CDXLVI 446
50%
CDXLIX 449
50%
CDLIII 453
50%
CDLXVIII 468
50%
CDLXXII 472
50%
CDLXXXI 481
50%
CDLXXXV 485
50%
CDLXXXVI 486
50%
CDXCI 491
50%
D 500
50%
DCLXXI 671
50%
LXIX 69
50%
LXXVI 76
50%
DCCCIV 804
50%
CMXII 912
50%
XCIV 94
50%
XLVII 47
45%
XLVIII 48
45%
CXXXIX 139
43%
CXVIII 118
40%
CXXIX 129
40%
LXXXI 81
40%
CXVII 117
33%
CXX 120
33%
CXXXVI 136
33%
CLIII 153
33%
CCXXXVIII 238
33%
CCXCIII 293
33%
CDV 405
33%
CDL 450
33%
XLVI 46
33%
CDLXIX 469
33%
CDLXXIV 474
33%
CDXCVI 496
33%
LX 60
33%
LXXIV 74
33%
LXXXVII 87
33%
LXXXIV 84
29%
LXXVIII 78
25%
XLV 45
20%
C 100
0%
M 1000
0%
MI 1001
0%
MII 1002
0%
MIII 1003
0%
MIV 1004
0%
MV 1005
0%
MVI 1006
0%
MVII 1007
0%
MVIII 1008
0%
MIX 1009
0%
MX 1010
0%
MXIII 1013
0%
MXIV 1014
0%
MXV 1015
0%
MXVI 1016
0%
MXVIII 1018
0%
MXIX 1019
0%
MXX 1020
0%
MXXII 1022
0%
MXXIII 1023
0%
MXXV 1025
0%
MXXVI 1026
0%
MXXVII 1027
0%
MXXVIII 1028
0%
MXXIX 1029
0%
MXXX 1030
0%
MXXXI 1031
0%
MXXXII 1032
0%
MXXXIII 1033
0%
MXXXIV 1034
0%
MXXXV 1035
0%
MXXXVII 1037
0%
MXXXVIII 1038
0%
MXXXIX 1039
0%
MXL 1040
0%
MXLI 1041
0%
MXLII 1042
0%
MXLIII 1043
0%
MXLIV 1044
0%
MXLV 1045
0%
MXLVI 1046
0%
MXLVII 1047
0%
MXLVIII 1048
0%
MXLIX 1049
0%
MLI 1051
0%
MLII 1052
0%
MLIV 1054
0%
MLV 1055
0%
MLVI 1056
0%
MLVII 1057
0%
MLVIII 1058
0%
MLIX 1059
0%
MLX 1060
0%
MLXI 1061
0%
MLXII 1062
0%
MLXIII 1063
0%
MLXIV 1064
0%
MLXV 1065
0%
MLXVII 1067
0%
MLXVIII 1068
0%
MLXIX 1069
0%
MLXX 1070
0%
MLXXI 1071
0%
MLXXII 1072
0%
MLXXIII 1073
0%
MLXXV 1075
0%
MLXXVI 1076
0%
MLXXVII 1077
0%
MLXXVIII 1078
0%
MLXXIX 1079
0%
MLXXXI 1081
0%
MLXXXII 1082
0%
MLXXXIII 1083
0%
MLXXXV 1085
0%
MLXXXVI 1086
0%
MLXXXVIII 1088
0%
MXCI 1091
0%
MXCII 1092
0%
MXCIV 1094
0%
MXCV 1095
0%
MXCVI 1096
0%
MXCVII 1097
0%
MXCVIII 1098
0%
MC 1100
0%
MCI 1101
0%
MCII 1102
0%
MCIII 1103
0%
MCIV 1104
0%
MCV 1105
0%
MCVI 1106
0%
MCVII 1107
0%
MCVIII 1108
0%
MCX 1110
0%
MCXI 1111
0%
MCXII 1112
0%
MCXIII 1113
0%
MCXIV 1114
0%
MCXVI 1116
0%
MCXVII 1117
0%
MCXVIII 1118
0%
MCXIX 1119
0%
MCXX 1120
0%
MCXXI 1121
0%
MCXXII 1122
0%
MCXXIII 1123
0%
MCXXIV 1124
0%
MCXXV 1125
0%
MCXXVI 1126
0%
MCXXVIII 1128
0%
MCXXIX 1129
0%
MCXXX 1130
0%
MCXXXI 1131
0%
MCXXXIII 1133
0%
MCXXXIV 1134
0%
MCXXXV 1135
0%
MCXXXVI 1136
0%
MCXXXVII 1137
0%
MCXXXVIII 1138
0%
MCXXXIX 1139
0%
MCXL 1140
0%
MCXLI 1141
0%
MCXLII 1142
0%
MCXLIII 1143
0%
MCXLIV 1144
0%
MCXLV 1145
0%
MCXLVI 1146
0%
MCXLVII 1147
0%
MCXLVIII 1148
0%
MCXLIX 1149
0%
MCL 1150
0%
MCLI 1151
0%
MCLII 1152
0%
MCLIII 1153
0%
MCLIV 1154
0%
MCLV 1155
0%
MCLVI 1156
0%
MCLVII 1157
0%
MCLVIII 1158
0%
MCLIX 1159
0%
MCLXI 1161
0%
MCLXII 1162
0%
MCLXIII 1163
0%
MCLXIV 1164
0%
MCLXV 1165
0%
MCLXVI 1166
0%
MCLXVII 1167
0%
MCLXVIII 1168
0%
MCLXIX 1169
0%
MCLXX 1170
0%
MCLXXI 1171
0%
MCLXXII 1172
0%
MCLXXIII 1173
0%
MCLXXIV 1174
0%
MCLXXV 1175
0%
MCLXXVI 1176
0%
MCLXXVII 1177
0%
MCLXXVIII 1178
0%
MCLXXIX 1179
0%
MCLXXX 1180
0%
MCLXXXI 1181
0%
MCLXXXII 1182
0%
MCLXXXIII 1183
0%
MCLXXXIV 1184
0%
MCLXXXV 1185
0%
MCLXXXVI 1186
0%
MCLXXXVII 1187
0%
MCLXXXVIII 1188
0%
MCLXXXIX 1189
0%
MCXC 1190
0%
MCXCI 1191
0%
MCXCII 1192
0%
MCXCIII 1193
0%
MCXCIV 1194
0%
MCXCV 1195
0%
MCXCVI 1196
0%
MCXCVII 1197
0%
MCXCVIII 1198
0%
MCXCIX 1199
0%
MCC 1200
0%
MCCI 1201
0%
MCCII 1202
0%
MCCIII 1203
0%
MCCIV 1204
0%
MCCV 1205
0%
MCCVI 1206
0%
MCCVII 1207
0%
MCCVIII 1208
0%
MCCIX 1209
0%
MCCX 1210
0%
MCCXI 1211
0%
MCCXII 1212
0%
MCCXIII 1213
0%
MCCXV 1215
0%
MCCXVI 1216
0%
MCCXVII 1217
0%
MCCXVIII 1218
0%
MCCXIX 1219
0%
MCCXX 1220
0%
MCCXXI 1221
0%
MCCXXII 1222
0%
MCCXXIII 1223
0%
MCCXXV 1225
0%
MCCXXVI 1226
0%
MCCXXVIII 1228
0%
MCCXXIX 1229
0%
MCCXXX 1230
0%
MCCXXXII 1232
0%
MCCXXXIII 1233
0%
MCCXXXIV 1234
0%
MCCXXXV 1235
0%
MCCXXXVI 1236
0%
MCCXXXVII 1237
0%
MCCXXXVIII 1238
0%
MCCXXXIX 1239
0%
MCCXL 1240
0%
MCCXLII 1242
0%
MCCXLIV 1244
0%
MCCXLVI 1246
0%
MCCXLVII 1247
0%
MCCXLVIII 1248
0%
MCCXLIX 1249
0%
MCCL 1250
0%
MCCLI 1251
0%
MCCLII 1252
0%
MCCLIII 1253
0%
MCCLIV 1254
0%
MCCLVI 1256
0%
MCCLVII 1257
0%
MCCLVIII 1258
0%
MCCLIX 1259
0%
MCCLX 1260
0%
MCCLXI 1261
0%
MCCLXII 1262
0%
MCCLXIII 1263
0%
MCCLXIV 1264
0%
MCCLXV 1265
0%
MCCLXVI 1266
0%
MCCLXVII 1267
0%
MCCLXVIII 1268
0%
MCCLXIX 1269
0%
MCCLXX 1270
0%
MCCLXXI 1271
0%
MCCLXXII 1272
0%
MCCLXXIII 1273
0%
MCCLXXIV 1274
0%
MCCLXXV 1275
0%
MCCLXXVI 1276
0%
MCCLXXVII 1277
0%
MCCLXXVIII 1278
0%
MCCLXXIX 1279
0%
MCCLXXX 1280
0%
MCCLXXXI 1281
0%
MCCLXXXII 1282
0%
MCCLXXXIII 1283
0%
MCCLXXXIV 1284
0%
MCCLXXXV 1285
0%
MCCLXXXVII 1287
0%
MCCLXXXVIII 1288
0%
MCCLXXXIX 1289
0%
MCCXCI 1291
0%
MCCXCII 1292
0%
MCCXCIII 1293
0%
MCCXCIV 1294
0%
MCCXCV 1295
0%
MCCXCVI 1296
0%
MCCXCVII 1297
0%
MCCXCVIII 1298
0%
MCCXCIX 1299
0%
MCCC 1300
0%
MCCCI 1301
0%
MCCCII 1302
0%
MCCCIII 1303
0%
MCCCIV 1304
0%
MCCCVI 1306
0%
MCCCVII 1307
0%
MCCCVIII 1308
0%
MCCCIX 1309
0%
MCCCXII 1312
0%
MCCCXIII 1313
0%
MCCCXIV 1314
0%
MCCCXV 1315
0%
MCCCXVI 1316
0%
MCCCXVII 1317
0%
MCCCXVIII 1318
0%
MCCCXIX 1319
0%
MCCCXX 1320
0%
MCCCXXI 1321
0%
MCCCXXII 1322
0%
MCCCXXIII 1323
0%
MCCCXXIV 1324
0%
MCCCXXV 1325
0%
MCCCXXVI 1326
0%
MCCCXXVII 1327
0%
MCCCXXVIII 1328
0%
MCCCXXIX 1329
0%
MCCCXXX 1330
0%
MCCCXXXI 1331
0%
MCCCXXXII 1332
0%
MCCCXXXIV 1334
0%
MCCCXXXVI 1336
0%
MCCCXXXVII 1337
0%
MCCCXXXVIII 1338
0%
MCCCXXXIX 1339
0%
MCCCXL 1340
0%
MCCCXLI 1341
0%
MCCCXLII 1342
0%
MCCCXLIII 1343
0%
MCCCXLIV 1344
0%
MCCCXLV 1345
0%
MCCCXLVI 1346
0%
MCCCXLVII 1347
0%
MCCCXLVIII 1348
0%
MCCCXLIX 1349
0%
MCCCL 1350
0%
MCCCLI 1351
0%
MCCCLII 1352
0%
MCCCLIII 1353
0%
MCCCLIV 1354
0%
MCCCLVI 1356
0%
MCCCLVII 1357
0%
MCCCLVIII 1358
0%
MCCCLIX 1359
0%
MCCCLX 1360
0%
MCCCLXI 1361
0%
MCCCLXIII 1363
0%
MCCCLXV 1365
0%
MCCCLXVII 1367
0%
MCCCLXVIII 1368
0%
MCCCLXIX 1369
0%
MCCCLXX 1370
0%
MCCCLXXI 1371
0%
MCCCLXXII 1372
0%
MCCCLXXIII 1373
0%
MCCCLXXIV 1374
0%
MCCCLXXV 1375
0%
MCCCLXXVI 1376
0%
MCCCLXXVII 1377
0%
MCCCLXXVIII 1378
0%
MCCCLXXIX 1379
0%
MCCCLXXX 1380
0%
MCCCLXXXI 1381
0%
MCCCLXXXIII 1383
0%
MCCCLXXXIV 1384
0%
MCCCLXXXV 1385
0%
MCCCLXXXVI 1386
0%
MCCCLXXXVII 1387
0%
MCCCLXXXVIII 1388
0%
MCCCLXXXIX 1389
0%
MCCCXC 1390
0%
MCCCXCI 1391
0%
MCCCXCIV 1394
0%
MCCCXCVI 1396
0%
MCCCXCVIII 1398
0%
MCD 1400
0%
MCDI 1401
0%
MCDII 1402
0%
MCDIII 1403
0%
MCDIV 1404
0%
MCDVII 1407
0%
MCDVIII 1408
0%
MCDIX 1409
0%
MCDX 1410
0%
MCDXI 1411
0%
MCDXII 1412
0%
MCDXIII 1413
0%
MCDXIV 1414
0%
MCDXV 1415
0%
MCDXVI 1416
0%
MCDXVII 1417
0%
MCDXVIII 1418
0%
MCDXIX 1419
0%
MCDXX 1420
0%
MCDXXI 1421
0%
MCDXXII 1422
0%
MCDXXIII 1423
0%
MCDXXIV 1424
0%
MCDXXV 1425
0%
MCDXXVII 1427
0%
MCDXXVIII 1428
0%
MCDXXIX 1429
0%
MCDXXX 1430
0%
MCDXXXI 1431
0%
MCDXXXII 1432
0%
MCDXXXIII 1433
0%
MCDXXXIV 1434
0%
MCDXXXV 1435
0%
MCDXXXVI 1436
0%
MCDXXXVII 1437
0%
MCDXXXIX 1439
0%
MCDXL 1440
0%
MCDXLI 1441
0%
MCDXLII 1442
0%
MCDXLIII 1443
0%
MCDXLIV 1444
0%
MCDXLV 1445
0%
MCDXLVI 1446
0%
MCDXLVII 1447
0%
MCDXLVIII 1448
0%
CXLV 145
0%
MCDL 1450
0%
MCDLI 1451
0%
MCDLII 1452
0%
MCDLIII 1453
0%
MCDLIV 1454
0%
MCDLV 1455
0%
MCDLVI 1456
0%
MCDLVII 1457
0%
MCDLVIII 1458
0%
MCDLX 1460
0%
MCDLXI 1461
0%
MCDLXII 1462
0%
MCDLXIV 1464
0%
MCDLXV 1465
0%
MCDLXVI 1466
0%
MCDLXVII 1467
0%
MCDLXVIII 1468
0%
MCDLXIX 1469
0%
MCDLXX 1470
0%
MCDLXXI 1471
0%
MCDLXXII 1472
0%
MCDLXXIV 1474
0%
MCDLXXV 1475
0%
MCDLXXVII 1477
0%
MCDLXXVIII 1478
0%
MCDLXXIX 1479
0%
MCDLXXX 1480
0%
MCDLXXXI 1481
0%
MCDLXXXII 1482
0%
MCDLXXXIII 1483
0%
MCDLXXXIV 1484
0%
MCDLXXXV 1485
0%
MCDLXXXVI 1486
0%
MCDLXXXVII 1487
0%
MCDLXXXVIII 1488
0%
MCDLXXXIX 1489
0%
MCDXC 1490
0%
MCDXCI 1491
0%
MCDXCII 1492
0%
MCDXCIII 1493
0%
MCDXCIV 1494
0%
MCDXCV 1495
0%
MCDXCVI 1496
0%
MCDXCVII 1497
0%
MCDXCIX 1499
0%
MD 1500
0%
MDI 1501
0%
MDII 1502
0%
MDIII 1503
0%
MDIV 1504
0%
MDV 1505
0%
MDVI 1506
0%
MDVII 1507
0%
MDVIII 1508
0%
MDIX 1509
0%
MDX 1510
0%
MDXI 1511
0%
MDXII 1512
0%
MDXV 1515
0%
MDXVI 1516
0%
MDXVII 1517
0%
MDXVIII 1518
0%
MDXIX 1519
0%
MDXX 1520
0%
MDXXI 1521
0%
MDXXII 1522
0%
MDXXIV 1524
0%
MDXXV 1525
0%
MDXXVI 1526
0%
MDXXVII 1527
0%
MDXXVIII 1528
0%
MDXXIX 1529
0%
MDXXXI 1531
0%
MDXXXII 1532
0%
MDXXXIII 1533
0%
MDXXXIV 1534
0%
MDXXXV 1535
0%
MDXXXVI 1536
0%
MDXXXVII 1537
0%
MDXXXVIII 1538
0%
CLIV 154
0%
MDXL 1540
0%
MDXLI 1541
0%
MDXLIV 1544
0%
MDXLV 1545
0%
MDXLVI 1546
0%
MDXLVII 1547
0%
MDXLVIII 1548
0%
CLV 155
0%
MDL 1550
0%
MDLI 1551
0%
MDLII 1552
0%
MDLIII 1553
0%
MDLIV 1554
0%
MDLV 1555
0%
MDLVI 1556
0%
MDLVII 1557
0%
MDLVIII 1558
0%
MDLIX 1559
0%
MDLX 1560
0%
MDLXI 1561
0%
MDLXII 1562
0%
MDLXIII 1563
0%
MDLXIV 1564
0%
MDLXV 1565
0%
MDLXVI 1566
0%
MDLXVII 1567
0%
MDLXVIII 1568
0%
MDLXIX 1569
0%
CLVII 157
0%
MDLXX 1570
0%
MDLXXI 1571
0%
MDLXXII 1572
0%
MDLXXIII 1573
0%
MDLXXIV 1574
0%
MDLXXV 1575
0%
MDLXXVII 1577
0%
MDLXXIX 1579
0%
CLVIII 158
0%
MDLXXX 1580
0%
MDLXXXI 1581
0%
MDLXXXII 1582
0%
MDLXXXIII 1583
0%
MDLXXXIV 1584
0%
MDLXXXV 1585
0%
MDLXXXVI 1586
0%
MDLXXXVII 1587
0%
MDLXXXVIII 1588
0%
MDXC 1590
0%
MDXCI 1591
0%
MDXCII 1592
0%
MDXCIII 1593
0%
MDXCIV 1594
0%
MDXCV 1595
0%
MDXCVII 1597
0%
MDXCVIII 1598
0%
MDXCIX 1599
0%
CLX 160
0%
MDC 1600
0%
MDCII 1602
0%
MDCIII 1603
0%
MDCV 1605
0%
MDCVI 1606
0%
MDCVII 1607
0%
MDCVIII 1608
0%
CLXI 161
0%
MDCX 1610
0%
MDCXI 1611
0%
MDCXII 1612
0%
MDCXIII 1613
0%
MDCXIV 1614
0%
MDCXV 1615
0%
MDCXVI 1616
0%
MDCXVII 1617
0%
MDCXVIII 1618
0%
MDCXIX 1619
0%
CLXII 162
0%
MDCXX 1620
0%
MDCXXI 1621
0%
MDCXXII 1622
0%
MDCXXIII 1623
0%
MDCXXIV 1624
0%
MDCXXV 1625
0%
MDCXXVI 1626
0%
MDCXXVII 1627
0%
MDCXXVIII 1628
0%
MDCXXIX 1629
0%
CLXIII 163
0%
MDCXXX 1630
0%
MDCXXXI 1631
0%
MDCXXXII 1632
0%
MDCXXXIII 1633
0%
MDCXXXIV 1634
0%
MDCXXXV 1635
0%
MDCXXXVI 1636
0%
MDCXXXVIII 1638
0%
MDCXXXIX 1639
0%
CLXIV 164
0%
MDCXL 1640
0%
MDCXLI 1641
0%
MDCXLII 1642
0%
MDCXLIII 1643
0%
MDCXLIV 1644
0%
MDCXLV 1645
0%
MDCXLVI 1646
0%
MDCXLVII 1647
0%
MDCXLVIII 1648
0%
MDCXLIX 1649
0%
MDCL 1650
0%
MDCLI 1651
0%
MDCLII 1652
0%
MDCLIII 1653
0%
MDCLIV 1654
0%
MDCLV 1655
0%
MDCLVI 1656
0%
MDCLVII 1657
0%
MDCLVIII 1658
0%
MDCLIX 1659
0%
CLXVI 166
0%
MDCLX 1660
0%
MDCLXI 1661
0%
MDCLXII 1662
0%
MDCLXIII 1663
0%
MDCLXV 1665
0%
MDCLXVI 1666
0%
MDCLXVII 1667
0%
MDCLXVIII 1668
0%
MDCLXIX 1669
0%
CLXVII 167
0%
MDCLXXI 1671
0%
MDCLXXII 1672
0%
MDCLXXIII 1673
0%
MDCLXXIV 1674
0%
MDCLXXV 1675
0%
MDCLXXVI 1676
0%
MDCLXXVII 1677
0%
MDCLXXVIII 1678
0%
MDCLXXIX 1679
0%
MDCLXXX 1680
0%
MDCLXXXI 1681
0%
MDCLXXXII 1682
0%
MDCLXXXIV 1684
0%
MDCLXXXV 1685
0%
MDCLXXXVII 1687
0%
MDCLXXXVIII 1688
0%
CLXIX 169
0%
MDCXC 1690
0%
MDCXCI 1691
0%
MDCXCII 1692
0%
MDCXCIII 1693
0%
MDCXCIV 1694
0%
MDCXCV 1695
0%
MDCXCVI 1696
0%
MDCXCVII 1697
0%
MDCXCVIII 1698
0%
MDCXCIX 1699
0%
CLXX 170
0%
MDCC 1700
0%
MDCCI 1701
0%
MDCCII 1702
0%
MDCCIII 1703
0%
MDCCIV 1704
0%
MDCCV 1705
0%
MDCCVI 1706
0%
MDCCVII 1707
0%
MDCCVIII 1708
0%
MDCCIX 1709
0%
MDCCXI 1711
0%
MDCCXII 1712
0%
MDCCXIII 1713
0%
MDCCXIV 1714
0%
MDCCXV 1715
0%
MDCCXVI 1716
0%
MDCCXVII 1717
0%
MDCCXVIII 1718
0%
MDCCXIX 1719
0%
CLXXII 172
0%
MDCCXX 1720
0%
MDCCXXI 1721
0%
MDCCXXII 1722
0%
MDCCXXIII 1723
0%
MDCCXXIV 1724
0%
MDCCXXV 1725
0%
MDCCXXVI 1726
0%
MDCCXXVII 1727
0%
MDCCXXVIII 1728
0%
MDCCXXIX 1729
0%
MDCCXXX 1730
0%
MDCCXXXI 1731
0%
MDCCXXXII 1732
0%
MDCCXXXIII 1733
0%
MDCCXXXIV 1734
0%
MDCCXXXV 1735
0%
MDCCXXXVI 1736
0%
MDCCXXXVII 1737
0%
MDCCXXXIX 1739
0%
CLXXIV 174
0%
MDCCXL 1740
0%
MDCCXLI 1741
0%
MDCCXLII 1742
0%
MDCCXLIV 1744
0%
MDCCXLV 1745
0%
MDCCXLVI 1746
0%
MDCCXLVII 1747
0%
MDCCXLVIII 1748
0%
MDCCXLIX 1749
0%
MDCCL 1750
0%
MDCCLII 1752
0%
MDCCLIII 1753
0%
MDCCLIV 1754
0%
MDCCLV 1755
0%
MDCCLVI 1756
0%
MDCCLVII 1757
0%
MDCCLVIII 1758
0%
MDCCLIX 1759
0%
CLXXVI 176
0%
MDCCLX 1760
0%
MDCCLXI 1761
0%
MDCCLXIII 1763
0%
MDCCLXIV 1764
0%
MDCCLXV 1765
0%
MDCCLXVI 1766
0%
MDCCLXVII 1767
0%
MDCCLXVIII 1768
0%
MDCCLXIX 1769
0%
CLXXVII 177
0%
MDCCLXX 1770
0%
MDCCLXXI 1771
0%
MDCCLXXII 1772
0%
MDCCLXXIII 1773
0%
MDCCLXXIV 1774
0%
MDCCLXXV 1775
0%
MDCCLXXVI 1776
0%
MDCCLXXVIII 1778
0%
MDCCLXXIX 1779
0%
CLXXVIII 178
0%
MDCCLXXX 1780
0%
MDCCLXXXI 1781
0%
MDCCLXXXII 1782
0%
MDCCLXXXIII 1783
0%
MDCCLXXXIV 1784
0%
MDCCLXXXV 1785
0%
MDCCLXXXVI 1786
0%
MDCCLXXXVII 1787
0%
MDCCLXXXVIII 1788
0%
MDCCLXXXIX 1789
0%
MDCCXC 1790
0%
MDCCXCI 1791
0%
MDCCXCII 1792
0%
MDCCXCIII 1793
0%
MDCCXCIV 1794
0%
MDCCXCV 1795
0%
MDCCXCVI 1796
0%
MDCCXCVII 1797
0%
MDCCXCVIII 1798
0%
MDCCXCIX 1799
0%
MDCCC 1800
0%
MDCCCI 1801
0%
MDCCCII 1802
0%
MDCCCIII 1803
0%
MDCCCIV 1804
0%
MDCCCV 1805
0%
MDCCCVI 1806
0%
MDCCCVII 1807
0%
MDCCCVIII 1808
0%
MDCCCIX 1809
0%
MDCCCX 1810
0%
MDCCCXI 1811
0%
MDCCCXII 1812
0%
MDCCCXIII 1813
0%
MDCCCXIV 1814
0%
MDCCCXV 1815
0%
MDCCCXVI 1816
0%
MDCCCXVII 1817
0%
MDCCCXIX 1819
0%
CLXXXII 182
0%
MDCCCXX 1820
0%
MDCCCXXI 1821
0%
MDCCCXXII 1822
0%
MDCCCXXIII 1823
0%
MDCCCXXIV 1824
0%
MDCCCXXV 1825
0%
MDCCCXXVI 1826
0%
MDCCCXXVII 1827
0%
MDCCCXXVIII 1828
0%
MDCCCXXIX 1829
0%
CLXXXIII 183
0%
MDCCCXXXI 1831
0%
MDCCCXXXII 1832
0%
MDCCCXXXIII 1833
0%
MDCCCXXXIV 1834
0%
MDCCCXXXV 1835
0%
MDCCCXXXVI 1836
0%
MDCCCXXXVIII 1838
0%
MDCCCXXXIX 1839
0%
CLXXXIV 184
0%
MDCCCXL 1840
0%
MDCCCXLI 1841
0%
MDCCCXLII 1842
0%
MDCCCXLIII 1843
0%
MDCCCXLIV 1844
0%
MDCCCXLVI 1846
0%
CLXXXV 185
0%
MDCCCL 1850
0%
MDCCCLI 1851
0%
MDCCCLII 1852
0%
MDCCCLIII 1853
0%
MDCCCLIV 1854
0%
MDCCCLV 1855
0%
MDCCCLVI 1856
0%
MDCCCLVIII 1858
0%
MDCCCLIX 1859
0%
CLXXXVI 186
0%
MDCCCLXI 1861
0%
MDCCCLXII 1862
0%
MDCCCLXIII 1863
0%
MDCCCLXIV 1864
0%
MDCCCLXV 1865
0%
MDCCCLXVI 1866
0%
MDCCCLXVII 1867
0%
MDCCCLXVIII 1868
0%
MDCCCLXIX 1869
0%
CLXXXVII 187
0%
MDCCCLXX 1870
0%
MDCCCLXXI 1871
0%
MDCCCLXXII 1872
0%
MDCCCLXXIII 1873
0%
MDCCCLXXIV 1874
0%
MDCCCLXXV 1875
0%
MDCCCLXXVI 1876
0%
MDCCCLXXVII 1877
0%
MDCCCLXXVIII 1878
0%
MDCCCLXXIX 1879
0%
MDCCCLXXX 1880
0%
MDCCCLXXXI 1881
0%
MDCCCLXXXII 1882
0%
MDCCCLXXXIII 1883
0%
MDCCCLXXXIV 1884
0%
MDCCCLXXXV 1885
0%
MDCCCLXXXVI 1886
0%
MDCCCLXXXVII 1887
0%
MDCCCLXXXVIII 1888
0%
MDCCCLXXXIX 1889
0%
CLXXXIX 189
0%
MDCCCXC 1890
0%
MDCCCXCI 1891
0%
MDCCCXCII 1892
0%
MDCCCXCIII 1893
0%
MDCCCXCIV 1894
0%
MDCCCXCVI 1896
0%
MDCCCXCVII 1897
0%
MDCCCXCVIII 1898
0%
MDCCCXCIX 1899
0%
MCM 1900
0%
MCMI 1901
0%
MCMII 1902
0%
MCMIII 1903
0%
MCMIV 1904
0%
MCMV 1905
0%
MCMVI 1906
0%
MCMVII 1907
0%
MCMVIII 1908
0%
MCMX 1910
0%
MCMXI 1911
0%
MCMXII 1912
0%
MCMXIV 1914
0%
MCMXV 1915
0%
MCMXVI 1916
0%
MCMXVII 1917
0%
MCMXVIII 1918
0%
MCMXIX 1919
0%
CXCII 192
0%
MCMXX 1920
0%
MCMXXI 1921
0%
MCMXXII 1922
0%
MCMXXIV 1924
0%
MCMXXV 1925
0%
MCMXXVI 1926
0%
MCMXXVIII 1928
0%
MCMXXIX 1929
0%
CXCIII 193
0%
MCMXXX 1930
0%
MCMXXXI 1931
0%
MCMXXXII 1932
0%
MCMXXXIII 1933
0%
MCMXXXIV 1934
0%
MCMXXXV 1935
0%
MCMXXXVI 1936
0%
MCMXXXVII 1937
0%
MCMXXXVIII 1938
0%
MCMXXXIX 1939
0%
CXCIV 194
0%
MCMXL 1940
0%
MCMXLI 1941
0%
MCMXLIII 1943
0%
MCMXLIV 1944
0%
MCMXLV 1945
0%
MCMXLVI 1946
0%
MCMXLVII 1947
0%
MCMXLVIII 1948
0%
MCMXLIX 1949
0%
MCML 1950
0%
MCMLI 1951
0%
MCMLIII 1953
0%
MCMLIV 1954
0%
MCMLV 1955
0%
MCMLVI 1956
0%
MCMLVII 1957
0%
MCMLVIII 1958
0%
CXCVI 196
0%
MCMLX 1960
0%
MCMLXI 1961
0%
MCMLXII 1962
0%
MCMLXIV 1964
0%
MCMLXV 1965
0%
MCMLXVI 1966
0%
MCMLXVII 1967
0%
MCMLXVIII 1968
0%
MCMLXIX 1969
0%
CXCVII 197
0%
MCMLXX 1970
0%
MCMLXXI 1971
0%
MCMLXXII 1972
0%
MCMLXXIII 1973
0%
MCMLXXIV 1974
0%
MCMLXXV 1975
0%
MCMLXXVI 1976
0%
MCMLXXVII 1977
0%
MCMLXXVIII 1978
0%
MCMLXXIX 1979
0%
MCMLXXX 1980
0%
MCMLXXXI 1981
0%
MCMLXXXII 1982
0%
MCMLXXXIII 1983
0%
MCMLXXXIV 1984
0%
MCMLXXXV 1985
0%
MCMLXXXVI 1986
0%
MCMLXXXVII 1987
0%
MCMLXXXVIII 1988
0%
MCMLXXXIX 1989
0%
MCMXC 1990
0%
MCMXCI 1991
0%
MCMXCII 1992
0%
MCMXCIII 1993
0%
MCMXCIV 1994
0%
MCMXCV 1995
0%
MCMXCVI 1996
0%
MCMXCVII 1997
0%
MCMXCVIII 1998
0%
MCMXCIX 1999
0%
CC 200
0%
MM 2000
0%
CCI 201
0%
CCIII 203
0%
CCV 205
0%
CCVI 206
0%
CCVII 207
0%
CCVIII 208
0%
CCIX 209
0%
CCX 210
0%
CCXIII 213
0%
CCXIV 214
0%
CCXVI 216
0%
CCXVIII 218
0%
CCXXII 222
0%
CCXXIII 223
0%
CCXXV 225
0%
CCXXX 230
0%
CCXXXII 232
0%
CCXXXIII 233
0%
CCXXXIV 234
0%
CCXXXV 235
0%
CCXXXVI 236
0%
CCXXXIX 239
0%
CCXL 240
0%
CCXLI 241
0%
CCXLII 242
0%
CCXLIII 243
0%
CCXLIV 244
0%
CCXLVI 246
0%
CCXLVII 247
0%
CCXLIX 249
0%
CCLII 252
0%
CCLVIII 258
0%
CCLIX 259
0%
CCLX 260
0%
CCLXI 261
0%
CCLXII 262
0%
CCLXIV 264
0%
CCLXVI 266
0%
CCLXVII 267
0%
CCLXXII 272
0%
CCLXXIV 274
0%
CCLXXV 275
0%
CCLXXVII 277
0%
CCLXXIX 279
0%
CCLXXX 280
0%
CCLXXXI 281
0%
CCLXXXII 282
0%
CCLXXXIV 284
0%
CCLXXXVII 287
0%
CCLXXXVIII 288
0%
CCXC 290
0%
CCXCI 291
0%
CCXCII 292
0%
CCXCV 295
0%
CCXCVII 297
0%
CCXCVIII 298
0%
CCCIII 303
0%
CCCIV 304
0%
CCCVII 307
0%
CCCXI 311
0%
CCCXIV 314
0%
CCCXV 315
0%
CCCXVI 316
0%
CCCXVIII 318
0%
CCCXIX 319
0%
CCCXXII 322
0%
CCCXXIII 323
0%
CCCXXV 325
0%
CCCXXVII 327
0%
CCCXXVIII 328
0%
CCCXXXII 332
0%
CCCXXXV 335
0%
CCCXXXVI 336
0%
CCCXXXVII 337
0%
CCCXXXIX 339
0%
CCCXLI 341
0%
CCCXLII 342
0%
CCCXLIII 343
0%
CCCXLVIII 348
0%
CCCXLIX 349
0%
CCCLI 351
0%
CCCLIII 353
0%
CCCLIV 354
0%
CCCLV 355
0%
CCCLVI 356
0%
CCCLVII 357
0%
CCCLXI 361
0%
CCCLXIII 363
0%
CCCLXV 365
0%
CCCLXVI 366
0%
CCCLXVIII 368
0%
CCCLXX 370
0%
CCCLXXI 371
0%
CCCLXXIV 374
0%
CCCLXXVII 377
0%
CCCLXXVIII 378
0%
CCCLXXX 380
0%
CCCLXXXI 381
0%
CCCLXXXIII 383
0%
CCCLXXXIV 384
0%
CCCLXXXVI 386
0%
CCCLXXXVIII 388
0%
CCCLXXXIX 389
0%
CCCXC 390
0%
CCCXCII 392
0%
CCCXCIII 393
0%
CCCXCIV 394
0%
CCCXCV 395
0%
CCCXCVI 396
0%
CCCXCIX 399
0%
CDI 401
0%
CDII 402
0%
CDIV 404
0%
CDVI 406
0%
CDVII 407
0%
CDVIII 408
0%
CDIX 409
0%
CDX 410
0%
CDXIV 414
0%
CDXV 415
0%
CDXVI 416
0%
CDXVII 417
0%
CDXVIII 418
0%
CDXX 420
0%
CDXXII 422
0%
CDXXIII 423
0%
CDXXV 425
0%
CDXXIX 429
0%
CDXXX 430
0%
CDXXXI 431
0%
CDXXXIV 434
0%
CDXXXVI 436
0%
CDXXXVIII 438
0%
CDXLI 441
0%
CDXLIII 443
0%
CDXLV 445
0%
CDXLVII 447
0%
CDLI 451
0%
CDLII 452
0%
CDLV 455
0%
CDLVI 456
0%
CDLVII 457
0%
CDLVIII 458
0%
CDLIX 459
0%
CDLX 460
0%
CDLXI 461
0%
CDLXII 462
0%
CDLXIII 463
0%
CDLXIV 464
0%
CDLXV 465
0%
CDLXVI 466
0%
CDLXVII 467
0%
CDLXXI 471
0%
CDLXXIII 473
0%
CDLXXVI 476
0%
CDLXXVII 477
0%
CDLXXVIII 478
0%
CDLXXIX 479
0%
CDLXXX 480
0%
CDLXXXII 482
0%
CDLXXXIII 483
0%
CDLXXXIV 484
0%
CDLXXXVII 487
0%
CDLXXXVIII 488
0%
CDLXXXIX 489
0%
CDXC 490
0%
CDXCII 492
0%
CDXCIII 493
0%
CDXCIV 494
0%
CDXCV 495
0%
CDXCVIII 498
0%
DI 501
0%
DII 502
0%
DIII 503
0%
DV 505
0%
DVI 506
0%
DVII 507
0%
DVIII 508
0%
LI 51
0%
DX 510
0%
DXI 511
0%
DXII 512
0%
DXIII 513
0%
DXIV 514
0%
DXVI 516
0%
DXVII 517
0%
DXVIII 518
0%
DXIX 519
0%
DXX 520
0%
DXXIII 523
0%
DXXIV 524
0%
DXXVI 526
0%
DXXVII 527
0%
DXXVIII 528
0%
DXXIX 529
0%
DXXX 530
0%
DXXXI 531
0%
DXXXII 532
0%
DXXXIII 533
0%
DXXXIV 534
0%
DXXXV 535
0%
DXXXVI 536
0%
DXXXVII 537
0%
DXXXVIII 538
0%
DXXXIX 539
0%
DXL 540
0%
DXLI 541
0%
DXLII 542
0%
DXLIII 543
0%
DXLIV 544
0%
DXLV 545
0%
DXLVI 546
0%
DXLVII 547
0%
DXLVIII 548
0%
DXLIX 549
0%
DL 550
0%
DLI 551
0%
DLII 552
0%
DLIII 553
0%
DLIV 554
0%
DLV 555
0%
DLVI 556
0%
DLVII 557
0%
DLVIII 558
0%
DLIX 559
0%
LVI 56
0%
DLX 560
0%
DLXI 561
0%
DLXII 562
0%
DLXIII 563
0%
DLXIV 564
0%
DLXV 565
0%
DLXVI 566
0%
DLXVII 567
0%
DLXVIII 568
0%
DLXX 570
0%
DLXXI 571
0%
DLXXII 572
0%
DLXXIII 573
0%
DLXXIV 574
0%
DLXXVI 576
0%
DLXXVII 577
0%
DLXXVIII 578
0%
DLXXIX 579
0%
DLXXX 580
0%
DLXXXI 581
0%
DLXXXII 582
0%
DLXXXIII 583
0%
DLXXXIV 584
0%
DLXXXV 585
0%
DLXXXVI 586
0%
DLXXXVII 587
0%
DLXXXVIII 588
0%
DLXXXIX 589
0%
DXCI 591
0%
DXCII 592
0%
DXCIII 593
0%
DXCIV 594
0%
DXCV 595
0%
DXCVII 597
0%
DXCVIII 598
0%
DXCIX 599
0%
DC 600
0%
DCI 601
0%
DCII 602
0%
DCIII 603
0%
DCIV 604
0%
DCV 605
0%
DCVI 606
0%
DCVIII 608
0%
DCIX 609
0%
DCX 610
0%
DCXI 611
0%
DCXIII 613
0%
DCXIV 614
0%
DCXV 615
0%
DCXVI 616
0%
DCXVII 617
0%
DCXVIII 618
0%
DCXIX 619
0%
DCXX 620
0%
DCXXI 621
0%
DCXXII 622
0%
DCXXIII 623
0%
DCXXIV 624
0%
DCXXV 625
0%
DCXXVI 626
0%
DCXXVII 627
0%
DCXXVIII 628
0%
DCXXIX 629
0%
DCXXX 630
0%
DCXXXI 631
0%
DCXXXIII 633
0%
DCXXXIV 634
0%
DCXXXV 635
0%
DCXXXVI 636
0%
DCXXXVII 637
0%
DCXXXVIII 638
0%
DCXXXIX 639
0%
DCXL 640
0%
DCXLI 641
0%
DCXLII 642
0%
DCXLIII 643
0%
DCXLIV 644
0%
DCXLV 645
0%
DCXLVI 646
0%
DCXLVII 647
0%
DCXLVIII 648
0%
DCXLIX 649
0%
DCL 650
0%
DCLI 651
0%
DCLII 652
0%
DCLIII 653
0%
DCLIV 654
0%
DCLV 655
0%
DCLVI 656
0%
DCLVII 657
0%
DCLVIII 658
0%
DCLIX 659
0%
DCLX 660
0%
DCLXI 661
0%
DCLXII 662
0%
DCLXIV 664
0%
DCLXV 665
0%
DCLXVII 667
0%
DCLXVIII 668
0%
DCLXIX 669
0%
DCLXX 670
0%
DCLXXII 672
0%
DCLXXIII 673
0%
DCLXXIV 674
0%
DCLXXV 675
0%
DCLXXVI 676
0%
DCLXXVII 677
0%
DCLXXVIII 678
0%
DCLXXIX 679
0%
DCLXXX 680
0%
DCLXXXI 681
0%
DCLXXXII 682
0%
DCLXXXIV 684
0%
DCLXXXV 685
0%
DCLXXXVI 686
0%
DCLXXXVII 687
0%
DCLXXXVIII 688
0%
DCLXXXIX 689
0%
DCXC 690
0%
DCXCI 691
0%
DCXCII 692
0%
DCXCIII 693
0%
DCXCIV 694
0%
DCXCVI 696
0%
DCXCVII 697
0%
DCXCVIII 698
0%
DCXCIX 699
0%
DCC 700
0%
DCCI 701
0%
DCCII 702
0%
DCCIII 703
0%
DCCV 705
0%
DCCVI 706
0%
DCCVII 707
0%
DCCVIII 708
0%
DCCIX 709
0%
DCCX 710
0%
DCCXI 711
0%
DCCXII 712
0%
DCCXIII 713
0%
DCCXV 715
0%
DCCXVI 716
0%
DCCXVII 717
0%
DCCXVIII 718
0%
DCCXIX 719
0%
DCCXX 720
0%
DCCXXI 721
0%
DCCXXII 722
0%
DCCXXIV 724
0%
DCCXXV 725
0%
DCCXXVI 726
0%
DCCXXVII 727
0%
DCCXXVIII 728
0%
DCCXXIX 729
0%
DCCXXX 730
0%
DCCXXXI 731
0%
DCCXXXII 732
0%
DCCXXXIII 733
0%
DCCXXXIV 734
0%
DCCXXXV 735
0%
DCCXXXVII 737
0%
DCCXXXVIII 738
0%
DCCXXXIX 739
0%
DCCXL 740
0%
DCCXLI 741
0%
DCCXLII 742
0%
DCCXLIII 743
0%
DCCXLIV 744
0%
DCCXLV 745
0%
DCCXLVI 746
0%
DCCXLVII 747
0%
DCCXLVIII 748
0%
DCCXLIX 749
0%
DCCL 750
0%
DCCLI 751
0%
DCCLII 752
0%
DCCLIII 753
0%
DCCLIV 754
0%
DCCLV 755
0%
DCCLVI 756
0%
DCCLVII 757
0%
DCCLVIII 758
0%
DCCLIX 759
0%
DCCLX 760
0%
DCCLXI 761
0%
DCCLXII 762
0%
DCCLXIII 763
0%
DCCLXV 765
0%
DCCLXVI 766
0%
DCCLXVII 767
0%
DCCLXVIII 768
0%
DCCLXIX 769
0%
DCCLXX 770
0%
DCCLXXI 771
0%
DCCLXXII 772
0%
DCCLXXIV 774
0%
DCCLXXVI 776
0%
DCCLXXVII 777
0%
DCCLXXVIII 778
0%
DCCLXXX 780
0%
DCCLXXXI 781
0%
DCCLXXXII 782
0%
DCCLXXXIII 783
0%
DCCLXXXIV 784
0%
DCCLXXXV 785
0%
DCCLXXXVI 786
0%
DCCLXXXVII 787
0%
DCCLXXXVIII 788
0%
DCCXC 790
0%
DCCXCI 791
0%
DCCXCII 792
0%
DCCXCIII 793
0%
DCCXCV 795
0%
DCCXCVI 796
0%
DCCXCVII 797
0%
DCCXCVIII 798
0%
DCCXCIX 799
0%
DCCC 800
0%
DCCCI 801
0%
DCCCII 802
0%
DCCCIII 803
0%
DCCCV 805
0%
DCCCVII 807
0%
DCCCVIII 808
0%
DCCCIX 809
0%
DCCCX 810
0%
DCCCXI 811
0%
DCCCXII 812
0%
DCCCXIII 813
0%
DCCCXV 815
0%
DCCCXVI 816
0%
DCCCXVII 817
0%
DCCCXVIII 818
0%
DCCCXIX 819
0%
DCCCXX 820
0%
DCCCXXI 821
0%
DCCCXXIII 823
0%
DCCCXXIV 824
0%
DCCCXXV 825
0%
DCCCXXVI 826
0%
DCCCXXVII 827
0%
DCCCXXVIII 828
0%
DCCCXXX 830
0%
DCCCXXXI 831
0%
DCCCXXXII 832
0%
DCCCXXXIII 833
0%
DCCCXXXIV 834
0%
DCCCXXXV 835
0%
DCCCXXXVI 836
0%
DCCCXXXVII 837
0%
DCCCXXXVIII 838
0%
DCCCXXXIX 839
0%
DCCCXL 840
0%
DCCCXLI 841
0%
DCCCXLII 842
0%
DCCCXLIII 843
0%
DCCCXLIV 844
0%
DCCCXLV 845
0%
DCCCXLVII 847
0%
DCCCXLVIII 848
0%
DCCCXLIX 849
0%
LXXXV 85
0%
DCCCLI 851
0%
DCCCLII 852
0%
DCCCLIII 853
0%
DCCCLIV 854
0%
DCCCLV 855
0%
DCCCLVI 856
0%
DCCCLVII 857
0%
DCCCLIX 859
0%
LXXXVI 86
0%
DCCCLX 860
0%
DCCCLXI 861
0%
DCCCLXIII 863
0%
DCCCLXIV 864
0%
DCCCLXV 865
0%
DCCCLXVI 866
0%
DCCCLXVII 867
0%
DCCCLXVIII 868
0%
DCCCLXX 870
0%
DCCCLXXI 871
0%
DCCCLXXII 872
0%
DCCCLXXIII 873
0%
DCCCLXXIV 874
0%
DCCCLXXV 875
0%
DCCCLXXVI 876
0%
DCCCLXXVII 877
0%
DCCCLXXVIII 878
0%
DCCCLXXIX 879
0%
LXXXVIII 88
0%
DCCCLXXXI 881
0%
DCCCLXXXII 882
0%
DCCCLXXXIII 883
0%
DCCCLXXXIV 884
0%
DCCCLXXXV 885
0%
DCCCLXXXVI 886
0%
DCCCLXXXVII 887
0%
DCCCLXXXVIII 888
0%
DCCCLXXXIX 889
0%
DCCCXC 890
0%
DCCCXCI 891
0%
DCCCXCII 892
0%
DCCCXCIII 893
0%
DCCCXCIV 894
0%
DCCCXCV 895
0%
DCCCXCVI 896
0%
DCCCXCVII 897
0%
DCCCXCVIII 898
0%
DCCCXCIX 899
0%
CM 900
0%
CMII 902
0%
CMIII 903
0%
CMIV 904
0%
CMV 905
0%
CMVI 906
0%
CMVII 907
0%
CMVIII 908
0%
CMIX 909
0%
CMX 910
0%
CMXI 911
0%
CMXIII 913
0%
CMXIV 914
0%
CMXV 915
0%
CMXVI 916
0%
CMXVII 917
0%
CMXVIII 918
0%
CMXIX 919
0%
XCII 92
0%
CMXX 920
0%
CMXXI 921
0%
CMXXII 922
0%
CMXXIII 923
0%
CMXXIV 924
0%
CMXXV 925
0%
CMXXVI 926
0%
CMXXVII 927
0%
CMXXVIII 928
0%
CMXXIX 929
0%
CMXXX 930
0%
CMXXXI 931
0%
CMXXXII 932
0%
CMXXXIII 933
0%
CMXXXIV 934
0%
CMXXXVI 936
0%
CMXXXVIII 938
0%
CMXXXIX 939
0%
CMXLI 941
0%
CMXLII 942
0%
CMXLIV 944
0%
CMXLV 945
0%
CMXLVI 946
0%
CMXLVII 947
0%
CMXLVIII 948
0%
CMXLIX 949
0%
CML 950
0%
CMLI 951
0%
CMLII 952
0%
CMLIII 953
0%
CMLIV 954
0%
CMLV 955
0%
CMLVI 956
0%
CMLVII 957
0%
CMLVIII 958
0%
CMLIX 959
0%
CMLX 960
0%
CMLXI 961
0%
CMLXII 962
0%
CMLXIII 963
0%
CMLXIV 964
0%
CMLXV 965
0%
CMLXVI 966
0%
CMLXVII 967
0%
CMLXVIII 968
0%
CMLXIX 969
0%
CMLXX 970
0%
CMLXXI 971
0%
CMLXXII 972
0%
CMLXXIII 973
0%
CMLXXIV 974
0%
CMLXXV 975
0%
CMLXXVI 976
0%
CMLXXVII 977
0%
CMLXXVIII 978
0%
CMLXXIX 979
0%
CMLXXX 980
0%
CMLXXXII 982
0%
CMLXXXIII 983
0%
CMLXXXIV 984
0%
CMLXXXV 985
0%
CMLXXXVI 986
0%
CMLXXXVII 987
0%
CMLXXXVIII 988
0%
CMLXXXIX 989
0%
XCIX 99
0%
CMXC 990
0%
CMXCII 992
0%
CMXCIII 993
0%
CMXCIV 994
0%
CMXCV 995
0%
CMXCVI 996
0%
CMXCVII 997
0%
CMXCVIII 998
0%
CMXCIX 999
0%
No matching quizzes found
Score Distribution
Percent of People with Each Score
Percentile by Number Answered
Your Score History
You have not taken this quiz